[Event "27th CRO-chT 1A-Men 2018"]
[Site "Biograd"]
[Date "2018.09.13"]
[Round "6.11"]
[White "Golubovic, Boris"]
[Black "Medak, Bojan"]
[Result "1/2-1/2"]
[WhiteElo "2386"]
[BlackElo "2367"]
[Annotator "NA"]
[PlyCount "28"]
[EventDate "2018.09.08"]
[EventType "team-tourn"]
[EventCountry "CRO"]
[SourceTitle "playchess.com"]
[Source "ChessBase"]
[SourceQuality "1"]
[TimeControl "40/5400+30:1800+30"]

1. e4 {[%emt 0:00:30]} Nc6 {[%emt 0:00:30]} 2. Nf3 {[%emt 0:01:30]} d6 {[%emt 0:00:30]} 3. d4 {[%emt 0:00:30]} Nf6 {[%emt 0:00:00]} 4. Nc3 {[%emt 0:00:30]} g6 {[%emt 0:00:00]} 5. d5 {[%emt 0:09:30]} Nb8 {[%emt 0:00:30]} 6. Be2 {[%emt 0:00:00]} Bg7 {[%emt 0:00:00]} 7. O-O {[%emt 0:00:00]} O-O {[%emt 0:01:00]} 8. Be3 {[%emt 0:02:30]} c6 {[%emt 0:02:30]} 9. a4 {[%emt 0:01:30]} b6 {[%emt 0:08:30]} 10. Nd2 {[%emt 0:24:30]} Bb7 {[%emt 0:06:30]} 11. Nc4 {[%emt 0:04:30]} Nxe4 {[%emt 0:12:30]} 12. Nxe4 {[%emt 0:02:30]} cxd5 {[%emt 0:00:30]} 13. Ncxd6 {[%emt 0:02:30]} (13. Nexd6 $5 exd6 14. Bf3 $11) 13... exd6 {[%emt 0:02:30]} 14. Nc3 $1 {[%emt 0:01:30]} Nd7 $11 {[%emt 0:04:30]} 1/2-1/2

[Event "27th CRO-chT 1A-Men 2018"]
[Site "Biograd"]
[Date "2018.09.13"]
[Round "6.12"]
[White "Filipovic, Marko"]
[Black "Petrov, Jole"]
[Result "1/2-1/2"]
[WhiteElo "2321"]
[BlackElo "2397"]
[Annotator "TA"]
[PlyCount "184"]
[EventDate "2018.09.08"]
[EventType "team-tourn"]
[EventCountry "CRO"]
[SourceTitle "playchess.com"]
[Source "ChessBase"]
[SourceQuality "1"]

{[%evp 22,184,21,0,0,-22,6,12,68,0,0,0,0,0,0,0,0,0,0,0,0,-14,-17,-48,-37,-39,-42,-66,-66,-64,-64,-62,-62,-62,-70,-63,-69,-103,-104,-99,-99,-99,-99,-99,-99,-99,-101,-113,-112,-158,-158,-158,-158,-158,-158,-210,-158,-215,-158,-158,-126,-132,-129,-145,-145,-143,-133,-139,-140,-152,-151,-157,-152,-210,-179,-210,-210,-253,-154,-177,-177,-177,-177,-177,-177,-177,-177,-177,-176,-168,-176,-176,-170,-171,-163,-163,-156,-174,-175,-168,-160,-160,-160,-167,-160,-160,-152,-160,-152,-177,-158,-214,-204,-207,-201,-194,-173,-229,-212,-225,-220,-218,-179,-219,-213,-217,-212,-266,-192,-193,-173,-173,-173,-183,-188,-179,-179,-179,-180,-181,-162,-198,-192,-200,-182,-285,-183,-183,-152,-161,-161,-183,-178,-183,-183,-183,-183,-183,-183,-183,-154,-133,-138,-171,-71]} 1. d4 d5 2. c4 e6 3. Nf3 Nf6 4. g3 dxc4 5. Bg2 Nc6 6. O-O Rb8 7. e3 Bd7 {E04: Open Catalan: 5 Nf3} (7... Be7 8. Nfd2 e5 9. Bxc6+ bxc6 10. dxe5 Ng4 11. Nxc4 Be6 12. Nbd2 h5 13. f3 Qd3 14. fxg4 Bxc4 15. Nxc4 Qxc4 16. gxh5 {½-½ (58) Mamedyarov,S (2809)-Caruana,F (2784) Berlin 2018}) 8. Qe2 b5 9. e4 Be7 10. Rd1 O-O 11. Bf4 a6 $146 ({Predecessor:} 11... Re8 12. Ne5 h6 13. Qd2 Bf8 14. a4 a6 15. axb5 axb5 {0-1 (34) Porat,S (2230)-Roiz,M (2511) Tel Aviv 2001}) 12. Nc3 {[%cal Bb1c3,Bc3a4,Ba4c5][%mdl 32] LiveBook: 3 Games} b4 13. Na4 Na5 14. Nc5 Qc8 (14... Bb5 $11) 15. Ne5 (15. Nxd7 $14 Nxd7 16. Bh3) 15... Bb5 $11 16. Qd2 Nc6 17. Nxc6 $1 Bxc6 18. Qc2 Bxc5 19. dxc5 Qb7 {[%cal Rf6e4]} 20. f3 Bb5 21. a4 bxa3 $1 22. Rxa3 Qc6 23. Be3 Rfd8 24. Bf1 Rxd1 25. Qxd1 Nd7 {[%cal Bf6d7,Bd7c5,Bc5a4][%mdl 32]} 26. Qd4 e5 27. Qc3 Nxc5 28. Bxc4 {aiming for Bd5.} Na4 $36 {[%mdl 2048] Black has good play.} 29. Qb3 Qxc4 30. Qxc4 Bxc4 31. Rxa4 $17 {[%mdl 4096] Endgame KRB-KRB} Be2 32. f4 Rxb2 33. fxe5 h5 34. Rd4 Bg4 35. Rc4 Bh3 $1 36. Rxc7 Rg2+ 37. Kh1 Re2 38. Rc3 Re1+ 39. Bg1 Rxe4 40. Ra3 Bc8 41. Kg2 Rxe5 42. Re3 Bb7+ 43. Kf1 Rf5+ 44. Ke2 a5 45. Rc3 a4 46. Rc5 Rf6 47. h4 (47. Rc2 $17 {was called for.}) 47... Rf3 48. Bf2 Rb3 49. Kd2 Bf3 50. Ra5 Rb2+ 51. Ke1 Ra2 52. Bc5 f6 53. Ra7 Re2+ 54. Kf1 Rc2 55. Bd6 Bc6 56. Ke1 Rc4 57. Rc7 Re4+ 58. Kf2 Bb5 59. Ra7 Re2+ 60. Kf3 Re6 61. Bb4 Re8 62. Ra5 Rb8 {Hoping for ...Bc6+.} 63. Ke3 Kh7 64. Kd4 Kg6 65. Bd6 Rb7 66. Kc3 (66. Ke4 $17 {might work better.}) 66... Kf5 $19 67. Kb4 Ke6 68. Bf4 Be8+ 69. Ka3 (69. Kc4 {is a better defense.}) 69... Rb3+ 70. Ka2 Rf3 71. Kb2 g6 72. Ka2 Bc6 73. Kb2 Rb3+ 74. Ka2 Rb4 75. Rc5 Bd5+ 76. Ka3 Rd4 77. Ra5 Bb3 78. Kb2 Rc4 79. Ka3 Rc3 80. Kb4 Rd3 81. Bc7 Bd1 82. Bf4 Rf3 83. Bc7 (83. Kc4 $142) 83... g5 84. hxg5 {Black is clearly better.} Rb3+ 85. Kc4 fxg5 86. Rxg5 Rb7 $1 {[%cal Rb7c7]} 87. Bf4 {[#]} a3 $1 {[%cal Ba4a3,Ba3a2][%mdl 32]} 88. Re5+ Kf7 89. Rf5+ Kg6 90. Rg5+ Kh7 91. Ra5 {[#]} a2 $1 {[%mdl 512]} 92. Kc3 (92. Rxa2 Bb3+) 92... Bb3 {Precision: White = 43%, Black = 80%.} (92... Rb3+ $19 {has better winning chances.} 93. Kd2 Rb2+ 94. Kc3 Rc2+ 95. Kd3 Kg6) 1/2-1/2

[Event "27th CRO-chT 1A-Men 2018"]
[Site "Biograd"]
[Date "2018.09.13"]
[Round "6.13"]
[White "Hracek, Zbynek"]
[Black "Malakhov, Vladimir"]
[Result "1/2-1/2"]
[WhiteElo "2557"]
[BlackElo "2666"]
[Annotator "TA"]
[PlyCount "37"]
[EventDate "2018.09.08"]
[EventType "team-tourn"]
[EventCountry "CRO"]
[SourceTitle "playchess.com"]
[Source "ChessBase"]
[SourceQuality "1"]

{[%evp 21,33,23,22,22,19,13,18,12,8,7,4,2,10,3]} 1. e4 e5 2. Nf3 Nc6 3. Bb5 Nf6 4. O-O Nxe4 5. Re1 Nd6 6. Nxe5 Be7 7. Bf1 Nxe5 8. Rxe5 O-O 9. d4 Bf6 10. Re1 Nf5 11. c3 d5 {LiveBook: 190 Games. C67: Ruy Lopez: Berlin Defence: 4 0-0 Nxe4} 12. Bf4 {The position is equal.} c6 13. Nd2 Nh4 14. Bd3 Bf5 15. Bxf5 Nxf5 16. Nf3 Qd7 17. Qc2 {[#]} {Predecessor:} Rfe8 $146 18. Bg5 Bxg5 19. Nxg5 {½-½ (38) Lin,C (2475)-Malakhov,V (2722) China 2017} 1/2-1/2

[Event "27th CRO-chT 1A-Men 2018"]
[Site "Biograd"]
[Date "2018.09.13"]
[Round "6.14"]
[White "Korobov, Anton"]
[Black "Leventic, Ivan"]
[Result "1-0"]
[WhiteElo "2685"]
[BlackElo "2411"]
[Annotator "TA"]
[PlyCount "71"]
[EventDate "2018.09.08"]
[EventType "team-tourn"]
[EventCountry "CRO"]
[SourceTitle "playchess.com"]
[Source "ChessBase"]
[SourceQuality "1"]

{[%evp 16,71,45,47,91,109,128,101,135,120,120,121,95,0,0,0,89,85,135,12,22,0,0,0,0,0,23,19,13,8,209,199,218,217,215,202,194,201,188,193,293,305,722,714,724,597,612,397,29979,29979,5622,5535,5618,5285,1747,362,1747,1725]} 1. d4 d5 2. c4 dxc4 3. e4 c5 4. d5 Nf6 5. Nc3 b5 6. Bf4 Ba6 7. e5 {D20: Queen's Gambit Accepted: 3 e3 and 3 e4} b4 8. exf6 bxc3 9. bxc3 {LiveBook: 12 Games. White is slightly better.} exf6 10. d6 $146 {Strongly threatening Qe2+.} ({Predecessor:} 10. Rb1 Bd6 11. Qe2+ Kf8 12. Qe4 Qe7 13. Bxd6 Qxd6 14. Bxc4 Nd7 15. Ne2 f5 {0-1 (15) Zaja,I (2480)-Leventic,I (2451) Bosnjaci 2015}) 10... Qd7 11. Be2 $1 {[%mdl 1024] White has strong compensation.} Bb7 12. Bg4 ({Weaker is} 12. Bxc4 Bxg2 13. Bd5 Bxd5 $17) 12... f5 13. Bf3 Qe6+ 14. Ne2 (14. Kf1 $16 Be4 15. Qa4+ Nd7 16. Bxe4 fxe4 17. Nf3) 14... Bxf3 $11 15. gxf3 {Threatens to win with 0-0.} g5 (15... Nd7 $1 $11 {keeps the balance.}) 16. Bxg5 $16 Bxd6 17. O-O (17. Qa4+ $1 $16 Qd7 18. Qxc4) 17... O-O $1 $11 18. Nf4 Bxf4 $1 19. Bxf4 Nd7 20. Re1 {[%cal Bf1e1,Be1e7,Be7f7][%mdl 32]} Qg6+ 21. Kh1 Qc6 $1 22. Re7 $36 {[%mdl 2048] White is more active.} Rad8 $2 {[#]} (22... Rfd8 $1 $11 {and Black stays safe.}) 23. Qe2 $1 $18 Kh8 24. Rd1 {Hoping for Rd6.} Nf6 {[#] And now ...Rxd1+ would win.} 25. Rxd8 $1 ({Stronger than} 25. Rxa7 Rxd1+ 26. Qxd1 Nd5 $15) 25... Rxd8 26. Rxf7 ({Worse is} 26. Rxa7 Re8 $11) 26... Kg8 27. Rxa7 Rd3 (27... Re8 {was necessary.} 28. Qxc4+ Qd5 29. Qxd5+ Nxd5) 28. Kg1 Nd5 $2 (28... Qe8 29. Qxe8+ Nxe8) 29. Bg3 Nf6 30. Qe5 Rd5 31. Qf4 {Threatening mate with Qg5+.} Qe6 $2 (31... Rd7 $18 32. Qxc4+ Qd5 33. Qxd5+ Rxd5) 32. Qg5+ Kf8 33. Qg7+ Ke8 34. Ra8+ Rd8 35. Rxd8+ Kxd8 36. Bh4 {Precision: White = 73%, Black = 32%.} 1-0

[Event "27th CRO-chT 1A-Men 2018"]
[Site "Biograd"]
[Date "2018.09.13"]
[Round "6.15"]
[White "Zivkovic, Vjekoslav"]
[Black "Stevic, Hrvoje"]
[Result "1/2-1/2"]
[WhiteElo "2358"]
[BlackElo "2579"]
[Annotator "TA"]
[PlyCount "36"]
[EventDate "2018.09.08"]
[EventType "team-tourn"]
[EventCountry "CRO"]
[SourceTitle "playchess.com"]
[Source "ChessBase"]
[SourceQuality "1"]

{[%evp 21,36,0,9,0,33,36,31,31,47,49,58,38,52,9,17,0,69]} 1. e4 e5 2. Nf3 Nc6 3. Bb5 {[%cal Bf1b5,Bb5a4,Ba4b3][%mdl 32]} g6 4. O-O Bg7 5. c3 a6 6. Ba4 Nge7 7. d4 exd4 8. cxd4 b5 {C60: Ruy Lopez: Unusual Black 3rd moves and 3...g6} 9. Bb3 O-O 10. Nc3 {[%cal Bb1c3,Bc3e2,Be2g3][%mdl 32]} d6 11. h3 Na5 {LiveBook: 156 Games} 12. Bf4 (12. Bc2 c5 13. dxc5 dxc5 14. Qxd8 Rxd8 {0-1 (65) Vachier Lagrave,M (2789)-Mamedyarov,S (2808) Leuven 2018}) 12... Nxb3 13. Qxb3 Rb8 $146 ({Predecessor:} 13... Be6 14. d5 Bd7 15. Rfd1 h6 16. e5 {1-0 (33) Dorner,G (1917)-Jedinger,A (2120) Austria 2017}) 14. Rad1 b4 15. Ne2 a5 16. Rfe1 Ba6 17. Ng3 Qd7 18. Qe3 Rfe8 (18... f5 $1 $11) 1/2-1/2

[Event "27th CRO-chT 1A-Men 2018"]
[Site "Biograd"]
[Date "2018.09.13"]
[Round "6.16"]
[White "Kozul, Zdenko"]
[Black "Mrkonjic, Nenad"]
[Result "1-0"]
[WhiteElo "2600"]
[BlackElo "2352"]
[Annotator "TA"]
[PlyCount "109"]
[EventDate "2018.09.08"]
[EventType "team-tourn"]
[EventCountry "CRO"]
[SourceTitle "playchess.com"]
[Source "ChessBase"]
[SourceQuality "1"]

{[%evp 21,109,3,57,0,32,54,50,49,41,51,112,78,69,75,66,55,81,73,89,66,82,78,94,101,120,71,95,33,35,29,33,14,64,3,8,0,0,0,9,-9,54,71,110,106,93,74,88,70,90,62,72,57,63,32,56,38,50,38,35,31,69,58,52,32,39,0,0,0,0,0,0,0,0,0,0,0,0,-7,0,0,0,0,0,0,0,0,0,0,0,0]} 1. c4 c6 2. e4 d5 3. cxd5 cxd5 4. exd5 Nf6 5. Nc3 Nxd5 6. Nf3 Nc6 7. Bc4 Nxc3 8. bxc3 e6 9. d4 Be7 10. O-O {[%cal Bh1f1,Bf1e1,Be1e4][%mdl 32]} O-O 11. Re1 Bf6 {LiveBook: 5 Games. D41: Queen's Gambit Declined: Semi-Tarrasch with 5 cxd5} ({Black should play} 11... b6 $11) (11... b6 12. Bd3 Bb7 13. h4 Bxh4 14. Nxh4 Qxh4 15. Re3 g6 16. Rh3 Qf6 17. Bh6 Rfe8 18. Qd2 e5 19. d5 Ne7 20. Bg5 Qd6 21. c4 f6 {1-0 (42) Illescas Cordoba,M (2605)-Volkov,S (2557) Barcelona 2018}) 12. a4 $146 (12. Bb5 $14) ({Predecessor:} 12. Bb3 b6 13. Ba3 Be7 14. Bxe7 Nxe7 15. Bc2 Bb7 16. Rc1 Ng6 17. Be4 Bxe4 18. Rxe4 Qd5 19. Qe2 {0-1 (36) Itkin,D (2239)-Rodrigue Lemieux,S (2267) Quebec 2018}) 12... Qc7 13. Bd3 g6 {White is slightly better.} 14. Bh6 Bg7 15. Qd2 Bd7 (15... b6 $14) 16. Re4 f6 17. Bxg7 Kxg7 18. Rae1 Ne7 19. c4 Rae8 20. h4 Nf5 21. a5 b6 22. axb6 axb6 23. R4e2 Nd6 24. Rc1 (24. Qf4 $16) 24... Bc6 $14 25. Nh2 Nf7 26. Rb1 Bd7 27. Rb4 ({Better is} 27. Nf3 $14) 27... e5 $11 28. d5 Nd6 29. Re1 Qc5 30. Nf1 Rb8 (30... e4 $11 31. Be2 e3 32. fxe3 (32. Nxe3 $2 Ne4 $19) 32... Re4) 31. Reb1 $14 Bf5 {[#]} 32. Bxf5 $1 Nxf5 33. Ne3 Nd6 34. h5 Rb7 35. h6+ Kf7 36. Qa2 {[#] Threatens to win with Rxb6!} Rfb8 37. Qa4 b5 38. cxb5 Rxb5 39. Rxb5 Rxb5 40. Ra1 {Black must now prevent Qa8.} Qc7 41. Qa3 Qb8 42. Qc1 {Hoping for Qc6.} Rb7 43. Nc4 {next Nxd6+ is good for White.} Rd7 {The position is equal.} 44. Ra6 Nxc4 45. Qxc4 $11 {[%mdl 4096] Endgame KQR-KQR} Qb1+ $1 46. Kh2 Qf5 $1 47. d6+ Qe6 48. Qc5 Qg4 49. Ra1 g5 50. Qc8 Kg6 51. Qg8+ Kxh6 52. Rh1 {Threatening mate with Kg1+.} Rg7 53. Kg1+ Kg6 $1 54. Qe8+ Rf7 $1 {White should prevent ...Qd1+.} 55. Rxh7 {[%mdl 32768] Precision: White = 54%, Black = 57%. . Loss on Time!?} 1-0

[Event "27th CRO-chT 1A-Men 2018"]
[Site "Biograd"]
[Date "2018.09.13"]
[Round "6.17"]
[White "Feletar, Darko"]
[Black "Palac, Mladen"]
[Result "1/2-1/2"]
[WhiteElo "2364"]
[BlackElo "2540"]
[Annotator "TA"]
[PlyCount "24"]
[EventDate "2018.09.08"]
[EventType "team-tourn"]
[EventCountry "CRO"]
[SourceTitle "playchess.com"]
[Source "ChessBase"]
[SourceQuality "1"]

{[%evp 21,24,0,14,7,6]} 1. e4 e5 2. Nf3 Nc6 3. Bb5 Nf6 4. O-O Nxe4 5. Re1 Nd6 6. Nxe5 Be7 7. Bf1 Nxe5 8. Rxe5 O-O 9. d4 Ne8 {C67: Ruy Lopez: Berlin Defence: 4 0-0 Nxe4} 10. Re1 d5 11. Bf4 Bd6 {LiveBook: 9 Games} 12. Qf3 $146 ({Predecessor:} 12. Bxd6 Nxd6 13. Nd2 c6 14. c3 Bf5 15. Nf3 Qb6 16. Qb3 Qxb3 17. axb3 {½-½ (29) Anand,V (2759)-Aronian,L (2764) Paris 2018}) 12... Bxf4 1/2-1/2

[Event "27th CRO-chT 1A-Men 2018"]
[Site "Biograd"]
[Date "2018.09.13"]
[Round "6.18"]
[White "Jankovic, Alojzije"]
[Black "Jukic, Branimir"]
[Result "0-1"]
[WhiteElo "2558"]
[BlackElo "2377"]
[Annotator "TA"]
[PlyCount "92"]
[EventDate "2018.09.08"]
[EventType "team-tourn"]
[EventCountry "CRO"]
[SourceTitle "playchess.com"]
[Source "ChessBase"]
[SourceQuality "1"]

{[%evp 13,92,47,59,41,49,-32,-24,-47,-35,-41,18,-58,-57,-65,-65,-60,-40,-97,-68,-68,-29,-29,-22,-32,-33,-64,-76,-60,-15,-12,-4,-8,-2,-25,0,-85,-78,-87,-89,-87,-87,-87,-87,-87,-87,-87,-88,-87,-88,-72,-53,-53,-36,-39,-32,-155,-87,-87,-34,-189,-45,-45,-45,-45,-45,-229,-75,-661,-649,-2825,-386,-2213,-1620,-29978,-29979,-29986,-29987,-29986,-29982,-29984,-29984]} 1. d4 Nf6 2. Nf3 c5 3. d5 b5 4. Bg5 d6 5. Bxf6 exf6 6. a4 {A43: Schmid Benoni} (6. e4 a6 7. a4 b4 8. Nbd2 f5 9. exf5 Bxf5 10. Bd3 Bg4 11. h3 Bc8 12. O-O Be7 13. Re1 O-O 14. a5 Ra7 15. Nc4 Bd7 {1-0 (79) Sokolov,I (2645)-Vaisser,A (2533) Mulhouse 2011}) 6... bxa4 7. e4 Qb6 {LiveBook: 3 Games} 8. Qc1 {White is slightly better.} f5 $146 ({Predecessor:} 8... Be7 9. Nc3 O-O 10. Rxa4 f5 11. Bd3 Bd7 12. Ra2 fxe4 13. Nxe4 Qb7 14. O-O Qxd5 {1-0 (58) Bobula,M (2254)-Wieclaw,M (2229) Opole 2006}) 9. e5 (9. exf5 $14 Bxf5 10. Nc3 (10. Rxa4 Be7 $11)) 9... Be7 $15 10. Be2 Nd7 11. exd6 Bf6 (11... Qxd6 $15 12. c4 O-O) 12. c3 (12. Qe3+ $11 Kf8 13. O-O (13. Rxa4 Bb7 $14)) 12... O-O {...Re8 is the strong threat.} 13. O-O Qxd6 14. Rd1 Nb6 15. Na3 (15. c4 $15) 15... Bd7 ({Reject} 15... Nxd5 $6 16. Bc4 $11) 16. Nb5 Bxb5 (16... Qb8 {keeps more tension.} 17. Na3 a6 18. g3 Re8 19. Bf1 Qd6) 17. Bxb5 c4 18. Bc6 Rab8 19. Qe3 Rfd8 20. Rd2 a5 21. h4 Nd7 22. Bxd7 Rxd7 23. Qe2 (23. g3 {looks sharper.} Re7 24. Qf4 Qxf4 25. gxf4 Re4 26. Ne5) 23... Qc5 (23... Rc7 {seems wilder.} 24. Rxa4 Rc5 25. h5 g6 26. h6 Rbc8) 24. Rxa4 (24. Ne5 $1 $11 {keeps the balance.} Bxe5 25. Qxe5) 24... Rxd5 $17 25. Qxc4 Qxc4 26. Rxc4 Rxd2 $1 27. Nxd2 $11 {[%mdl 4096] Endgame KRB-KRN} g6 28. b3 Rd8 29. Nf3 Rd1+ 30. Kh2 Rd3 31. Nd4 f4 32. h5 Kg7 33. hxg6 hxg6 34. Rc5 (34. Nc6 $15) 34... Rd2 ({Don't do} 34... Bxd4 35. cxd4 Rxb3 36. Rxa5 $15) (34... Bh4 $142 $1 35. g3 fxg3+ 36. fxg3 Bxg3+ 37. Kg2 Be1) 35. Rxa5 $17 Rxf2 (35... Bxd4 $17 36. cxd4 Rxf2) 36. b4 $2 {[#]} (36. Rd5 $1 $15) 36... g5 ({Better is} 36... Bxd4 $1 $19 37. cxd4 Rb2) 37. Kh3 $15 Bxd4 38. cxd4 {KR-KR} Kg6 39. Ra8 $2 ({White should play} 39. g4 $15) 39... Rf1 $2 (39... Rb2 $19 40. Rb8 Rb3+ 41. Kh2 g4 42. Rg8+ Kf5) 40. g3 $2 {[%mdl 8192] [#]} (40. g4 $17) 40... Rf3 $1 $19 {[%cal Rf3g3]} 41. b5 Rxg3+ 42. Kh2 Rb3 43. Rb8 g4 {[%cal Bg5g4,Bg4g3][%mdl 32] Black mates.} 44. b6 Rb2+ 45. Kg1 g3 46. d5 Kf5 {Precision: White = 32%, Black = 47%.} 0-1

[Event "27th CRO-chT 1A-Men 2018"]
[Site "Biograd"]
[Date "2018.09.13"]
[Round "6.19"]
[White "Tomashevsky, Evgeny"]
[Black "Inarkiev, Ernesto"]
[Result "1/2-1/2"]
[WhiteElo "2702"]
[BlackElo "2679"]
[Annotator "TA"]
[PlyCount "67"]
[EventDate "2018.09.08"]
[EventType "team-tourn"]
[EventCountry "CRO"]
[SourceTitle "playchess.com"]
[Source "ChessBase"]
[SourceQuality "1"]

{[%evp 16,67,35,34,55,46,39,25,23,16,43,15,43,15,15,15,15,21,18,18,16,19,35,32,27,27,39,37,38,42,45,27,37,15,15,0,41,10,3,0,0,0,0,0,0,0,0,0,0,0,0,0,0,0]} 1. Nf3 d5 2. d4 Nf6 3. c4 dxc4 4. e3 e6 5. Bxc4 c5 6. O-O Nc6 7. a3 a6 {D26: Queen's Gambit Accepted: 4 e3 e6 5 Bxc5 c5 sidelines} 8. dxc5 Bxc5 (8... Qxd1 9. Rxd1 Bxc5 10. b4 Be7 11. Bb2 O-O 12. Nbd2 Bd7 13. Be2 Rfd8 14. Nc4 Be8 15. Nd4 Nxd4 16. Bxd4 Bb5 17. Bf1 Rac8 18. Na5 Bxf1 19. Kxf1 Rc7 {1-0 (62) Adhiban,B (2671)-Van Foreest,J (2609) Hoogeveen 2017}) 9. b4 {LiveBook: 4 Games} Bd6 {White is slightly better.} 10. Bb2 b5 11. Be2 Bb7 12. Nbd2 $146 ({Predecessor:} 12. Nc3 O-O 13. Qb3 Ne5 14. Nd4 Qe7 15. a4 bxa4 16. Rxa4 Nc6 17. b5 Nxd4 18. Rxd4 axb5 19. Qxb5 Rab8 20. Rfd1 Bd5 21. Nxd5 exd5 {0-1 (21) Platzgummer,F (2401)-Varga,Z (2485) Austria 2010}) 12... Rc8 13. Rc1 O-O 14. Bxf6 gxf6 15. Ne4 Be7 16. Nc5 Bxc5 17. Rxc5 Qxd1 18. Rxd1 Rfd8 19. Rxd8+ (19. Rdc1 {keeps more tension.} Kg7 20. g3 f5 21. Kf1 Kf6 22. Nd4) 19... Rxd8 20. Kf1 Rd7 21. g4 Kg7 22. Ke1 h6 23. Nd2 Ne7 24. Nb3 Bd5 $1 {[%cal Rd5b3]} 25. Nd2 Bb7 26. Nf1 f5 {The position is equal.} 27. Ng3 {[%cal Rg4f5]} fxg4 28. Nh5+ Kg6 29. Nf4+ Kf6 30. Nh5+ Kg6 31. Bxg4 f5 32. Nf4+ Kf6 33. Be2 Ng6 34. Nxg6 {Precision: White = 66%, Black = 81%.} 1/2-1/2

[Event "27th CRO-chT 1A-Men 2018"]
[Site "Biograd"]
[Date "2018.09.13"]
[Round "6.20"]
[White "Romanov, Evgeny"]
[Black "Saric, Ivan"]
[Result "0-1"]
[WhiteElo "2611"]
[BlackElo "2689"]
[Annotator "TA"]
[PlyCount "114"]
[EventDate "2018.09.08"]
[EventType "team-tourn"]
[EventCountry "CRO"]
[SourceTitle "playchess.com"]
[Source "ChessBase"]
[SourceQuality "1"]

{[%evp 11,114,22,10,0,1,0,0,0,0,1,0,0,27,27,32,0,0,0,0,-57,-25,-45,-8,-11,-10,-18,-4,-42,-50,-46,-48,-153,-130,-130,-116,-116,-107,-151,-167,-157,-160,-156,-181,-179,-173,-191,-183,-194,-175,-222,-222,-214,-211,-192,-188,-312,-270,-297,-318,-299,-273,-286,-229,-279,-272,-256,-259,-650,-635,-595,-346,-323,-320,-337,-330,-356,-348,-1163,-1345,-833,-1299,-29962,-29967,-29966,-29964,-4698,-4237,-29971,-29971,-29970,-29971,-29969,-29973,-29967,-29969,-29980,-29981,-29980,-29981,-29982,-29982,-29982,-29983,-29983,-29984]} 1. d4 d5 2. Nf3 Nf6 3. c4 c6 4. Qc2 g6 5. Bf4 Bg7 6. e3 O-O {LiveBook: 477 Games} 7. cxd5 {D11: Slav Defence: 3 Nf3 sidelines and 3...Nf6 4 e3 Bg4} (7. Nc3 c5 8. dxc5 Qa5 9. Rd1 dxc4 10. Bxc4 Qxc5 11. Bb3 Nc6 12. O-O Bf5 13. Qe2 Rad8 14. h3 h6 15. e4 g5 16. Be3 Qa5 17. exf5 Qxf5 18. Nd4 {1-0 (18) Bu,X (2730)-Ibrahimov,R (2518) Riadh 2017}) 7... Bf5 $146 ({Predecessor:} 7... Nxd5 8. Be5 Qa5+ 9. Nbd2 Bxe5 10. Nxe5 Nd7 11. Nxd7 Bxd7 12. Be2 Rac8 13. O-O Nf6 14. Nb3 Qg5 {0-1 (43) Wojtaszek,R (2469)-Lagowski,P (2359) Poraj 2003}) 8. Qb3 Bxb1 9. Rxb1 {The position is equal.} Qa5+ 10. Nd2 Nxd5 (10... Ne4 $6 11. Rd1 $16) 11. Bg3 (11. Qxb7 $6 Qb6 $16) 11... e5 12. dxe5 Nd7 13. Qa3 Qxa3 14. bxa3 b5 15. a4 (15. e4 $11 N5b6 16. f4) 15... Nc3 16. Rc1 b4 17. e6 fxe6 18. Bd6 Rfe8 19. Ba6 Bf8 20. Bxf8 Rxf8 21. Nb1 ({White should try} 21. a3 $15) 21... Nxb1 ({Resist} 21... Nxa4 22. Bb7 $11) 22. Rxb1 Nc5 23. Bc4 a5 $1 24. Bb3 Nd3+ $1 25. Ke2 Nxf2 26. Rhf1 Ne4 27. Kd3 {[#]} Nc3 $1 {Hoping for ...Rad8+.} 28. Bxe6+ Kg7 29. Rxf8 Rxf8 $19 {[%mdl 4096] Endgame KRB-KRN} ({Stronger than} 29... Kxf8 30. Rf1+ Ke7 31. Bb3 $15) 30. Rc1 Rd8+ 31. Kc2 Re8 ({But not} 31... Nxa4 32. Rf1) 32. Bb3 Rxe3 33. Rf1 (33. Kb2 $142) 33... Re2+ 34. Kd3 Rxg2 35. Rf7+ Kh6 36. Ra7 Rxh2 37. Rxa5 Nxa2 38. Rc5 Rb2 39. Be6 $2 (39. Bc4) 39... b3 40. a5 Rb1 41. Kd2 {[#]} Nb4 $1 42. Rc1 Rb2+ 43. Kc3 Rc2+ 44. Kxb4 $2 (44. Rxc2 bxc2 45. Kd2) 44... Rxc1 45. Bxb3 {KR-KB} c5+ 46. Kb5 Rb1 47. Ka4 g5 {[%cal Bg6g5,Bg5g4][%mdl 32]} 48. a6 g4 49. Ka3 Ra1+ {Black mates.} 50. Ba2 Rd1 (50... g3 $2 51. a7 $19) 51. a7 Rd8 52. Bd5 Kg5 53. Ka4 h5 {[%cal Bh7h5,Bh5h4,Bh4h3,Bh3h2][%mdl 32]} 54. Kb5 h4 55. Bb7 h3 56. Kb6 Rf8 57. Kc7 h2 {Precision: White = 43%, Black = 78%.} 0-1